000 02170nam a2200397 i 4500
001 991060745671606706
003 ES-BaIT
005 20260424130815.0
008 221003s2022 spc||||j |||| 0|0 d spa|
015 _aLL2022
_2bnc
017 _aDL B 2788-2022
_bBiblioteca de Catalunya
020 _a9788468266794
040 _aES-BaBC
_bcat
_erda
_cES-BaBC
041 1 _aspa
_hcat
080 _a821.134.1-2
_x“20”
_x(02.053.2)
_22004
080 _a849.9-2"20"
080 _a792.077:82-2
100 1 _aTornero, Helena,
_d1973-
_eautor,
_etraductor
_949331
240 1 _aFutur.
_lCastellà
_9169315
245 1 3 _aEl Futuro /
_cHelena Tornero ; ilustraciones de Martín Tognola ; traducción de la autora
250 _aPrimera edició
264 1 _aBarcelona :
_bVicens Vives,
_c2022
300 _a175 pàgines :
_bil·lustracions en color ;
_c21 cm
336 _atext
_btxt
_2rdacontent
337 _asense mediació
_bn
_2rdamedia
338 _avolum
_bnc
_2rdacarrier
490 0 _aFila Joven teatro
500 _aTítol original: El futur
500 _aP4: D2, H2
520 _a"La chica joven acaba de sacarse el carné de conducir y quiere hacer algo para que su padre se enfade de verdad. El hombre extranjero quiere ir a Estocolmo para encontrarse con alguien, pero hay problemas en las fronteras. El hombre extranjero huye de su pasado. La chica joven huye de su futuro. El futuro es una road play, un viaje físico y emocional a través de la geografía europea en el que los jóvenes protagonistas se enfrentarán a sí mismos y aprenderán el uno del otro. Es un viaje en el que el sufrimiento de los refugiados de guerra que buscan una nueva vida interpela a una Europa que parece ignorar su trágico pasado. Es un viaje que nos invita a abrir la mirada al otro y actuar ante la desgracia ajena. Sin dilaciones. Ahora. Porque, como indica la cita que abre la obra: “El futuro siempre llega demasiado pronto.”" -- Contracoberta
650 0 _aLiteratura dramàtica juvenil catalana
_yS. XXI
_vTextos dramàtics
_9138488
700 1 _aTognola, Martín,
_d1972-
_eil·lustrador
_9169316
908 _aBC
_aCDMAE
940 _aBC
942 _2udc
_c1
999 _c137406
_d137406